000 00309nam a22001217a 4500
082 _a530
_bLAL/P
100 _aSURINDRA LAL
245 _aNEW ERA PHYSICS
_bTEXTBOOK FOR CLASS XI PART 1
260 _aDELHI
_bG.R.BHATIA PUBLICATIONS PVT LTD
_c2014
300 _a624
650 _aPHYSICS CLASS XI
_zINDIA
942 _cBK
999 _c516
_d516